Space Jam (Registo nº 3626)

Detalhes MARC
000 -Etiqueta do registo
Cabeçalho 01101ngm0a2200325 4500
005 - Identificador da versão
Campo de controlo 20240813122006.0
021 ## - Número do Depósito Legal
Código do país PT
071 0# - Número do editor (registos sonoros e música) 
Número do editor 6123/02
100 ## - Dados gerais de processamento
Dados gerais de processamento 20050630d2002 bc y0pory5003 ba
102 ## - Pais de publicação ou produção
País de publicação Portugal
101 0# - Língua de publicação
Língua do texto, banda sonora, etc. Português
Língua do documento no original Inglês
Língua das legendas Português
115 ## - Campo de dados codificados: Projecções Visuais, Filmes e Vídeos
Dados modificados - geral a063bbz zzzz zzxxc
215 ## - Descrição física 
Indicação específica da natureza do documento e extensão da espécie 1 DVD (PAL 2) (84 min.)
Outras indicações físicas col., son.
200 1# - Titulo e menção de responsabilidade
Título próprio Space Jam
Indicação geral da natureza do documento Registo vídeo
Primeira menção de responsabilidade realiz. Joe Pytka
225 2# - Colecção 
Título próprio da colecção Warner Bros
Nome de uma parte ou secção os filmes da família
210 ## - Publicação, Distribuição, etc. 
Lugar da edição, distribuição, etc. PT
Nome do editor, distribuidor, etc. Warner Bros Pictures
Data da publicação, distribuição, etc. 2002
306 ## - Notas relativas a publicação, distribuição, etc. 
Texto da nota Distribuidor cinema: Lusomundo
300 ## - Notas gerais 
Texto da nota Com a participação especial de Michael Jordan
305 ## - Notas relativas à edição e história bibliográfica da publicação 
Texto da nota Data de lançamento: 2002
333 ## - Nota relativa aos potenciais utilizadores
Texto da nota Classificação: M6
327 1# - Nota de conteúdo 
Texto da nota Conteúdo: Legendas: português, inglês e espanhol ; Idiomas: português, inglês e espanhol ; Menus interactivos ; Notas de produção ; Índice das cenas ; Trailer.
606 ## - Nome comum usado como assunto
Número de registo de entrada de autoridade 0002859
Palavra de ordem Filme
Subdivisão de assunto Misto de animação infantil
610 1# - Termos de indexação não controlados
Subject Term DVD cinema
702 #1 - Nome de autor-pessoa física (responsabilidade secundária)
Número de registo de entrada de autoridade 0002861
Palavra de ordem Pytka
Outra parte do nome não tomada para palavra de ordem Joe
Código de função Diretor / Director teatral / Realizador
942 ## - Elementos de entrada adicionados (Koha)
Tipo de item no Koha Livro
Exemplares
Situação do levantamento Origin of item (home branch) (coded) Biblioteca de empréstimo Código de barras Cota Circulation type (not for loan) Tipo de documento Nota do exemplar Damaged status
  Biblioteca Escolar da Coca Maravilhas Biblioteca Escolar da Coca Maravilhas BECM69d/05 F SPA   DVD Sem mensagem